| 000 | 01632nam a2200373 i 4500 | ||
|---|---|---|---|
| 001 | 991061729800406706 | ||
| 003 | ES-BaIT | ||
| 005 | 20260302101252.0 | ||
| 008 | 260106e202512 fr a b 000 d fre c | ||
| 020 |
_a9782749817088 _q(rústica) |
||
| 020 |
_a2749817080 _q(rústica) |
||
| 035 | _a(OCoLC)1565481933 | ||
| 035 | _a(OCoLC)on1565481933 | ||
| 040 |
_aES-BaIT _bcat _erda _cES-BaIT |
||
| 080 | _a840-2"20" | ||
| 100 | 1 |
_aDucommun, Fabien _eautor _9168759 |
|
| 245 | 1 | 0 |
_aAime-moi / _cFabien Ducommun. |
| 264 | 1 |
_aParis : _bL'avant-scène théâtre, _cdécembre 2025 |
|
| 300 |
_a59 pàgines : _bil·lustracions ; _c21 cm |
||
| 336 |
_atext _btxt _2rdacontent |
||
| 337 |
_asense mediació _bn _2rdamedia |
||
| 338 |
_avolum _bnc _2rdacarrier |
||
| 490 | 1 |
_aL'avant-scène théâtre ; _vno 1585 |
|
| 500 | _aP2: H2 | ||
| 500 | _aPublicat com no 1585 (décembre 2025) de la revista L'Avant-scène théâtre | ||
| 500 | _aEstrena Scala (París) el 3 de febrer de 2025 | ||
| 504 | _aInclou referències bibliògràfiques | ||
| 520 | _a"Aux États-Unis, Fabien se retrouve entraîné, presque malgré lui, dans un road trip à bord d’une Chevrolet baptisée Princesse. Au fil des kilomètres, les paysages défilent, et les souvenirs refont surface. Peu à peu, la route devient un voyage intérieur, où les fils du passé et du présent s’entremêlent, poussant Fabien à affronter ce qu’il pensait pouvoir fuir"-- Contracoberta | ||
| 650 | 0 |
_aDucommun, Fabien _vTextos dramàtics _9168760 |
|
| 830 |
_aAvant-scène. _pThéâtre _vno 1585 _9168170 |
||
| 908 | _aCDMAE | ||
| 940 | _aOCLC | ||
| 942 |
_2udc _c1 |
||
| 999 |
_c137174 _d137174 |
||